• Griffini W., Spagna C., Balducci A., Trabucchi B., Galbiati M., Querzè R., Volpato C

di Personal Name

Records bibliografici associati: 1

001 - CONTROL NUMBER

  • control field: 60877

003 - CONTROL NUMBER IDENTIFIER

  • control field:

005 - DATE AND TIME OF LATEST TRANSACTION

  • control field: 20240704145253.0

008 - FIXED-LENGTH DATA ELEMENTS

  • fixed length control field: 240704|| aca||aabn | a|a d

040 ## - CATALOGING SOURCE

  • Original cataloging agency:
  • Transcribing agency:

100 ## - HEADING--PERSONAL NAME

  • Personal name: Griffini W., Spagna C., Balducci A., Trabucchi B., Galbiati M., Querzè R., Volpato C

670 ## - SOURCE DATA FOUND

  • Source citation: Work cat.: ()360182: Manageritalia (a cura di) 60876, Parità di genere è anche questione di managerialità, 2024
CREDITS: SOCIETA' SAN PAOLO Via A.Severo, 58 - ROMA (RM) & PERIODICI SAN PAOLO SRL Via Giotto, 36 MILANO & CISF Via Giotto, 36 MILANO & EDIZIONI SAN PAOLO SRL,  Piazza Soncino, 5 CINISELLO BALSAMO (MI) -- ITALY